Prueba digital 2 : (Registro nro. 5427)
[ vista simple ]
| 000 -LEADER | |
|---|---|
| fixed length control field | 03776nmm a22005177a 4500 |
| 003 - CONTROL NUMBER IDENTIFIER | |
| control field | OSt |
| 005 - DATE AND TIME OF LATEST TRANSACTION | |
| control field | 20250611095616.0 |
| 008 - FIXED-LENGTH DATA ELEMENTS--GENERAL INFORMATION | |
| fixed length control field | 191018e xxu|||||o||d| 00| 0 spa d |
| 020 ## - INTERNATIONAL STANDARD BOOK NUMBER | |
| International Standard Book Number | 978-987-8343-84-6 |
| 040 ## - CATALOGING SOURCE | |
| Transcribing agency | PJ |
| 245 10 - TITLE STATEMENT | |
| Title | Prueba digital 2 : |
| Remainder of title | e-mails, chats de whatsapp u otras aplicaciones de mensajería instantánea, publicaciones en redes sociales, capturas de pantallas, filmaciones, grabaciones de audio, contratos electrónicos, e-commerce, reconocimiento biométrico facial, blockchain, home banking, expediente administrativo electrónico, pericia informática, ia y otras tecnologías / |
| Statement of responsibility, etc | Horacio R. Granero... [et al.]. |
| 260 ## - PUBLICATION, DISTRIBUTION, ETC. (IMPRINT) | |
| Place of publication, distribution, etc | Ciudad Autónoma de Buenos Aires : |
| Name of publisher, distributor, etc | Eldial.com , |
| Date of publication, distribution, etc | 2025. |
| 300 ## - PHYSICAL DESCRIPTION | |
| Extent | 603 p. |
| 500 ## - GENERAL NOTE | |
| General note | E-book. |
| 505 ## - FORMATTED CONTENTS NOTE | |
| Formatted contents note | En una sociedad digitalizada, donde los conflictos jurídicos se entrelazan con tecnologías emergentes, el debate sobre la admisibilidad, validez y eficacia de la prueba digital ya no es una cuestión futura: es el presente de la litigación.<br/><br/>En línea con los desafíos planteados en la obra Prueba Digital 1, esta nueva entrega amplía la mirada sobre el impacto de la tecnología en el derecho procesal, abordando casos concretos en los fueros civil, comercial, laboral, administrativo y penal. En todos ellos, la irrupción de la prueba digital —mensajes de WhatsApp, correos electrónicos, publicaciones en redes sociales, capturas de pantalla, documentos electrónicos, registros multimedia y evidencia generada por inteligencia artificial— exige nuevas herramientas de análisis, criterios interpretativos y protocolos de actuación.<br/><br/>¿Cómo se acredita la autenticidad de un mensaje digital, como un correo electrónico, un mensaje de WhatsApp o una publicación en redes sociales? ¿Qué valor tienen las capturas o impresiones de pantalla? ¿Qué recaudos deben tomarse para que un contenido digital sea eficaz como medio probatorio? ¿Cuándo se configura una obtención ilícita? ¿Qué exigencias impone la cadena de custodia digital? ¿Puede el juez recurrir a inteligencia artificial sin comprometer garantías procesales?<br/><br/>Estas y otras preguntas estructuran el recorrido de esta obra, que articula doctrina y jurisprudencia destacada, con una mirada práctica y plural. Asimismo, brinda herramientas útiles para litigar, juzgar o asesorar con solidez en un entorno cada vez más atravesado por lo digital.<br/>Validez en los procesos civiles, comerciales, laborales, administrativos y penales. |
| 505 ## - FORMATTED CONTENTS NOTE | |
| Title | La extracción de prueba electrónica de teléfonos celulares y la garantía de defensa en juicio / |
| Statement of responsibility | Carla Paola Delle Donne. |
| 650 #0 - SUBJECT ADDED ENTRY--TOPICAL TERM | |
| 9 (RLIN) | 267 |
| Topical term or geographic name as entry element | DERECHO PROCESAL |
| 650 #0 - SUBJECT ADDED ENTRY--TOPICAL TERM | |
| 9 (RLIN) | 273 |
| Topical term or geographic name as entry element | DERECHO INFORMÁTICO |
| 650 #0 - SUBJECT ADDED ENTRY--TOPICAL TERM | |
| 9 (RLIN) | 1975 |
| Topical term or geographic name as entry element | PRUEBA |
| 650 #0 - SUBJECT ADDED ENTRY--TOPICAL TERM | |
| 9 (RLIN) | 3404 |
| Topical term or geographic name as entry element | MEDIOS DE PRUEBA ELECTRÓNICOS |
| 650 #0 - SUBJECT ADDED ENTRY--TOPICAL TERM | |
| 9 (RLIN) | 3406 |
| Topical term or geographic name as entry element | EVIDENCIA DIGITAL |
| 650 #0 - SUBJECT ADDED ENTRY--TOPICAL TERM | |
| 9 (RLIN) | 4109 |
| Topical term or geographic name as entry element | REDES SOCIALES |
| 700 ## - ADDED ENTRY--PERSONAL NAME | |
| Personal name | Acosta, Cecilia S. |
| 700 ## - ADDED ENTRY--PERSONAL NAME | |
| Personal name | Batista, Alejandro |
| 700 ## - ADDED ENTRY--PERSONAL NAME | |
| Personal name | Bionda, Rodrigo E. |
| 700 ## - ADDED ENTRY--PERSONAL NAME | |
| Personal name | Bosco, Santiago |
| 700 ## - ADDED ENTRY--PERSONAL NAME | |
| Personal name | Brun, Juan Martín |
| 700 ## - ADDED ENTRY--PERSONAL NAME | |
| Personal name | Chaia, Rubén Alberto |
| 700 ## - ADDED ENTRY--PERSONAL NAME | |
| Personal name | Cherubin, Gabriela |
| 700 ## - ADDED ENTRY--PERSONAL NAME | |
| Personal name | Docimo, Roberto Arturo |
| 9 (RLIN) | 6308 |
| 700 ## - ADDED ENTRY--PERSONAL NAME | |
| Personal name | Granero, Horacio R. |
| 9 (RLIN) | 6135 |
| 700 ## - ADDED ENTRY--PERSONAL NAME | |
| Personal name | Groppo, Patricio Gustavo |
| 9 (RLIN) | 5788 |
| 700 ## - ADDED ENTRY--PERSONAL NAME | |
| Personal name | Guini, Leonor |
| 700 ## - ADDED ENTRY--PERSONAL NAME | |
| Personal name | Lois, Sergio |
| 700 ## - ADDED ENTRY--PERSONAL NAME | |
| Personal name | Mera, Mariano Martín |
| 700 ## - ADDED ENTRY--PERSONAL NAME | |
| Personal name | Perez del Viso, Adela |
| 700 ## - ADDED ENTRY--PERSONAL NAME | |
| Personal name | Riquert, Marcelo A. |
| 9 (RLIN) | 3063 |
| 700 ## - ADDED ENTRY--PERSONAL NAME | |
| Personal name | Rodríguez Romeo, Pablo |
| 700 ## - ADDED ENTRY--PERSONAL NAME | |
| Personal name | Ross, Zarina |
| 700 ## - ADDED ENTRY--PERSONAL NAME | |
| Personal name | Spessot, Alejandro |
| 9 (RLIN) | 5261 |
| 700 ## - ADDED ENTRY--PERSONAL NAME | |
| Personal name | Tomeo, Fernando |
| 700 ## - ADDED ENTRY--PERSONAL NAME | |
| Personal name | Viadas, Mariano Pablo |
| 700 ## - ADDED ENTRY--PERSONAL NAME | |
| Personal name | Yuba, Gabriela |
| 9 (RLIN) | 3825 |
| 856 ## - ELECTRONIC LOCATION AND ACCESS | |
| Link text | Acceso al Índice |
| Uniform Resource Identifier | <a href="https://www.eldial.com/nuevo/pdf/indice/INDICE_Prueba_Digital_2.pdf">https://www.eldial.com/nuevo/pdf/indice/INDICE_Prueba_Digital_2.pdf</a> |
| 942 ## - ADDED ENTRY ELEMENTS (KOHA) | |
| Source of classification or shelving scheme | |
| Koha item type | Archivos electrónicos (en soportes) |
No hay ítems disponibles.
